000 00321nam a22001457a 4500
003 SGT
020 _a978-93-80316-31-4
082 _a612.015
_bRAJ
100 _aRAJAGOPAL, G.
245 _aPRACTICAL BIOCHEMISTRY
260 _aINDIA
_bAHUJA PUB.
_c2017
300 _a284
650 _aBIOCHEMISTRY
942 _2ddc
_cBK
999 _c32421
_d32421